|
|
|
|
| LEADER |
00000nam a2200000 i 4500 |
| 001 |
DIGUAZUAY0111 |
| 003 |
NyNyDIG |
| 007 |
cr ||||||||||| |
| 008 |
260114s2020 ec a ob 000 0 spa d |
| 006 |
m o d |
| 035 |
|
|
|a (OCoLC)1569883749
|
| 040 |
|
|
|a DGITA
|b eng
|e rda
|e pn
|c DGITA
|
| 020 |
|
|
|a 9789942822451
|q eBook
|
| 020 |
|
|
|z 9789942822437
|
| 050 |
1 |
4 |
|a RC86.8 ebook
|
| 100 |
1 |
|
|a Martínez Borrero, Pedro,
|e author.
|
| 245 |
1 |
0 |
|a Manual de primeros auxilios para el paciente mayor en la comunidad /
|c Martínez Borrero, Pedro [and 7 others].
|
| 264 |
|
1 |
|a Cuenca, Ecuador :
|b Universidad del Azuay, Casa Editora,
|c [2020]
|
| 300 |
|
|
|a 1 online resource :
|b color illustrations.
|
| 336 |
|
|
|a text
|b txt
|2 rdacontent
|
| 337 |
|
|
|a computer
|b c
|2 rdamedia
|
| 338 |
|
|
|a online resource
|b cr
|2 rdacarrier
|
| 347 |
|
|
|a text file
|2 rdaft
|
| 347 |
|
|
|b PD
|
| 500 |
|
|
|a "Posgrado de Medicina Familiar y Comunitaria (Segunda Versión)"--Cover.
|
| 504 |
|
|
|a Includes bibliographical references.
|
| 588 |
0 |
|
|a Online resource; title from PDF title page (Digitalia, viewed January 14, 2026)
|
| 650 |
|
0 |
|a First aid in illness and injury
|v Handbooks, manuals, etc.
|
| 650 |
|
0 |
|a Medical emergencies
|v Handbooks, manuals, etc.
|
| 650 |
|
0 |
|a Older people
|v Handbooks, manuals, etc.
|
| 791 |
2 |
|
|a Digitalia (Firm),
|e distributor.
|
| 793 |
0 |
|
|g Digitalia eBook Collection:
|a Universidad del Azuay
|
| 776 |
0 |
8 |
|i Print version:
|a Martínez Borrero, Pedro.
|t Manual de primeros auxilios para el paciente mayor en la comunidad.
|d Cuenca, Ecuador : Universidad del Azuay, Casa Editora, [2020]
|z 9789942822437
|
| 856 |
4 |
0 |
|3 Digitalia Hispánica
|u https://www.digitaliapublishing.com/a/133495/
|
| 910 |
|
|
|a Premium collection: 2026
|